| 000 | 00840nam a22002057a 4500 | ||
|---|---|---|---|
| 999 |
_c62919 _d62919 |
||
| 005 | 20251125233100.0 | ||
| 008 | s2553 th ||||| |||| 00| 0 tha d | ||
| 020 | _a9786169074106 | ||
| 040 | _aNALT | ||
| 050 | _aDS578.32 จ643จ 2553 | ||
| 100 | 0 | _aสุธานี | |
| 245 | 1 | 0 | _aจุรินทร์ ลักษณวิศิษฏ์ ชีวิตเหมือนปลูกต้นไม้ [3rd] |
| 260 | 3 |
_aกรุงเทพฯ : _bงานดี, _c2553 |
|
| 300 |
_a104 หน้า : _b ภาพประกอบ ; _c 21 ซม. |
||
| 650 | 0 | 4 | _aจุรินทร์ ลักษณวิศิษฏ์ -- ชีวประวัติ |
| 850 | _aNALT | ||
| 856 | 4 | 0 |
_uhttps://hdl.handle.net/20.500.14156/425765 _71 |
| 942 |
_cGB _2lcc |
||